[Event "Speed Chess (Women) Q2"]
[Site "Chess.com INT"]
[Date "2022.05.26"]
[Round "10"]
[White "Antonova, Nadezhda"]
[Black "Ostry, Irina"]
[Result "1/2-1/2"]
[WhiteElo "1832"]
[BlackElo "2147"]
[PlyCount "83"]
[EventDate "2022.05.26"]
[EventType "swiss (blitz)"]
[EventRounds "14"]
[EventCountry "USA"]
[SourceTitle "CBM 208 Extra"]
[Source "ChessBase"]
[SourceDate "2022.07.31"]
[SourceVersion "1"]
[SourceVersionDate "2022.07.31"]
[SourceQuality "1"]

1. Nf3 Nf6 2. b3 g6 3. Bb2 Bg7 4. g3 0-0 5. Bg2 d6 6. d4 c6 7. 0-0 Bf5 8. Nbd2 Ne4 9. Nh4 Nxd2 10. Qxd2 Bd7 11. e4 Qc8 12. Rfe1 e5 13. Rad1 Bg4 14. Nf3 Nd7 15. h3 Bxf3 16. Bxf3 Nb6 17. Bg2 Re8 18. c4 c5 19. dxe5 dxe5 20. Bc3 Qe6 21. Ba5 h5 22. Bxb6 Qxb6 23. Qd6 Rad8 24. Qxb6 axb6 25. Rd5 Rxd5 26. exd5 Rd8 27. a4 Rd6 28. Be4 f5 29. Bc2 e4 30. Re2 Bd4 31. Kg2 Kg7 32. f3 e3 33. f4 Kf6 34. Kf3 Rd8 35. g4 hxg4+ 36. hxg4 fxg4+ 37. Kxg4 Rh8 38. Be4 Rd8 39. Kg3 Rh8 40. Kg4 Rd8 41. Kg3 Rh8 42. Kg4 1/2-1/2

[Event "Speed Chess (Women) Q2"]
[Site "Chess.com INT"]
[Date "2022.05.26"]
[Round "8"]
[White "Michelle, Catherina P"]
[Black "Ostry, Irina"]
[Result "1/2-1/2"]
[WhiteElo "2148"]
[BlackElo "2147"]
[PlyCount "102"]
[EventDate "2022.05.26"]
[EventType "swiss (blitz)"]
[EventRounds "14"]
[EventCountry "USA"]
[SourceTitle "CBM 208 Extra"]
[Source "ChessBase"]
[SourceDate "2022.07.31"]
[SourceVersion "1"]
[SourceVersionDate "2022.07.31"]
[SourceQuality "1"]

1. d4 Nf6 2. Nc3 g6 3. e4 d6 4. Be3 Bg7 5. Qd2 0-0 6. Bh6 e5 7. Bxg7 Kxg7 8. Nf3 Nc6 9. 0-0-0 Bg4 10. d5 Bxf3 11. gxf3 Nd4 12. f4 c5 13. dxc6 bxc6 14. fxe5 dxe5 15. f4 Ne6 16. fxe5 Qxd2+ 17. Rxd2 Ng4 18. Bh3 Nxe5 19. Rd6 Nf4 20. Bf1 Rad8 21. Rxd8 Rxd8 22. Ba6 h5 23. a4 Ne6 24. b4 g5 25. Rd1 Rxd1+ 26. Nxd1 g4 27. Be2 h4 28. Ne3 g3 29. hxg3 h3 30. Nf1 Nd4 31. Kd2 Ndf3+ 32. Bxf3 Nxf3+ 33. Kd3 h2 34. Nxh2 Nxh2 35. c4 Nf3 36. b5 cxb5 37. cxb5 Kf6 38. a5 Ne5+ 39. Kd4 Nd7 40. Kd5 Ke7 41. g4 f6 42. Kc6 Ne5+ 43. Kc7 Nc4 44. b6 axb6 45. axb6 Na5 46. b7 Nxb7 47. Kxb7 Ke6 48. Kc7 Ke5 49. Kd7 Kxe4 50. Ke7 Kf4 51. Kxf6 Kxg4 1/2-1/2

[Event "Speed Chess (Women) Q2"]
[Site "Chess.com INT"]
[Date "2022.05.26"]
[Round "4"]
[White "Nomin Erdene, Davaademberel"]
[Black "Ostry, Irina"]
[Result "1-0"]
[WhiteElo "2388"]
[BlackElo "2147"]
[PlyCount "83"]
[EventDate "2022.05.26"]
[EventType "swiss (blitz)"]
[EventRounds "14"]
[EventCountry "USA"]
[SourceTitle "CBM 208 Extra"]
[Source "ChessBase"]
[SourceDate "2022.07.31"]
[SourceVersion "1"]
[SourceVersionDate "2022.07.31"]
[SourceQuality "1"]

1. e4 c5 2. Nf3 e6 3. d4 cxd4 4. Nxd4 Nf6 5. Nc3 Nc6 6. Ndb5 Bb4 7. a3 Bxc3+ 8. Nxc3 d5 9. exd5 exd5 10. Bd3 0-0 11. 0-0 d4 12. Ne2 Qd6 13. Bf4 Qd5 14. Ng3 Bg4 15. Qd2 Rfe8 16. Rfe1 a6 17. f3 Bd7 18. Ne4 Nxe4 19. Bxe4 Qc5 20. Rad1 Rad8 21. Kh1 b5 22. Qf2 b4 23. axb4 Qxb4 24. Qh4 f5 25. Bd5+ Kh8 26. Bf7 Rxe1+ 27. Rxe1 Qf8 28. Bg6 h6 29. h3 Be8 30. Re6 Bxg6 31. Rxg6 Ne7 32. Re6 Ng8 33. Be5 Re8 34. Rxe8 Qxe8 35. Qxd4 Qf7 36. c4 Kh7 37. c5 Ne7 38. Qc3 Nc6 39. Bd6 Qd5 40. Qc2 Nd4 41. Qd3 g6 42. Bg3 1-0

[Event "Speed Chess (Women) Q2"]
[Site "Chess.com INT"]
[Date "2022.05.26"]
[Round "5"]
[White "Ostry, Irina"]
[Black "Kazarian, Anna Maja"]
[Result "0-1"]
[WhiteElo "2147"]
[BlackElo "2135"]
[PlyCount "72"]
[EventDate "2022.05.26"]
[EventType "swiss (blitz)"]
[EventRounds "14"]
[EventCountry "USA"]
[SourceTitle "CBM 208 Extra"]
[Source "ChessBase"]
[SourceDate "2022.07.31"]
[SourceVersion "1"]
[SourceVersionDate "2022.07.31"]
[SourceQuality "1"]

1. e4 e6 2. d4 d5 3. Bd3 Nf6 4. e5 Nfd7 5. Nf3 c5 6. c3 Nc6 7. 0-0 Be7 8. Re1 0-0 9. g3 f6 10. exf6 Nxf6 11. Ne5 Nxe5 12. dxe5 Nd7 13. Qh5 h6 14. Qg6 Nf6 15. exf6 Rxf6 16. Qh7+ Kf7 17. Bf4 Bd6 18. Bxd6 Qxd6 19. Nd2 e5 20. c4 e4 21. Bxe4 dxc4 22. Nxc4 Qd4 23. Ne5+ Ke7 24. Qxg7+ Ke6 25. Ng4 Rf7 26. Qxh6+ Kd7 27. Rad1 Kc7 28. Rxd4 cxd4 29. Qg6 Re7 30. Qf6 Re8 31. Qxd4 Bd7 32. Rc1+ Kd8 33. Qc5 Re7 34. Qc7+ Ke8 35. Qxb7 Rc8 36. Nf6+ Kf7 0-1

[Event "Speed Chess (Women) Q2"]
[Site "Chess.com INT"]
[Date "2022.05.26"]
[Round "14"]
[White "Ostry, Irina"]
[Black "Nguyen, Vu Thu Hien"]
[Result "1-0"]
[WhiteElo "2147"]
[BlackElo "1920"]
[PlyCount "53"]
[EventDate "2022.05.26"]
[EventType "swiss (blitz)"]
[EventRounds "14"]
[EventCountry "USA"]
[SourceTitle "CBM 208 Extra"]
[Source "ChessBase"]
[SourceDate "2022.07.31"]
[SourceVersion "1"]
[SourceVersionDate "2022.07.31"]
[SourceQuality "1"]

1. e4 c6 2. d4 d5 3. Bd3 dxe4 4. Bxe4 Nf6 5. Bf3 g6 6. Ne2 Bg7 7. 0-0 0-0 8. h3 Bf5 9. c4 Nbd7 10. Nbc3 Nb6 11. b3 Qd7 12. Be3 Rfd8 13. Rc1 Rac8 14. g4 Be6 15. Ng3 Qc7 16. Kg2 Bd7 17. Qe2 e5 18. d5 cxd5 19. Nxd5 Nbxd5 20. cxd5 Qa5 21. Qd2 Qxd2 22. Bxd2 Bb5 23. Rfe1 Rxc1 24. Rxc1 Nxd5 25. Bxd5 Rxd5 26. Rc8+ Bf8 27. Bh6 1-0

[Event "Online Olym Disabilities"]
[Site "Tornelo INT"]
[Date "2020.11.23"]
[Round "3.3"]
[White "Kozhabekov, Adilkhan"]
[Black "Ostry, Irina"]
[Result "0-1"]
[WhiteElo "2080"]
[BlackElo "2147"]
[PlyCount "88"]
[EventDate "2020.11.21"]
[EventType "team-swiss (rapid)"]
[EventRounds "7"]
[EventCountry "NET"]
[SourceTitle "CBM 199 Extra"]
[Source "ChessBase"]
[SourceDate "2021.01.31"]
[SourceVersion "1"]
[SourceVersionDate "2021.01.31"]
[SourceQuality "1"]
[WhiteTeam "Kazakhstan"]
[BlackTeam "Kyrgyzstan"]
[WhiteTeamCountry "KAZ"]
[BlackTeamCountry "KGZ"]

1. e4 c5 2. Nc3 e6 3. Nf3 Nc6 4. Bb5 Qc7 5. 0-0 Nge7 6. a4 a6 7. Bc4 Ne5 8. Nxe5 Qxe5 9. d3 Nc6 10. Be3 Nd4 11. f4 Qc7 12. Rf2 b6 13. Ne2 Nxe2+ 14. Qxe2 Bb7 15. c3 Be7 16. Qg4 g6 17. f5 gxf5 18. exf5 0-0-0 19. Qh5 d5 20. Ba2 Bd6 21. fxe6 fxe6 22. Raf1 Qc6 23. d4 Qxa4 24. Bb1 Qe8 25. Qh3 Kb8 26. Bg5 Rd7 27. Re1 cxd4 28. cxd4 e5 29. Bf6 Rf8 30. Bxe5 Bxe5 31. Rxe5 Re7 32. Rxf8 Qxf8 33. Qe3 Rxe5 34. Qxe5+ Ka7 35. Bxh7 Qh6 36. Bg8 Qc1+ 37. Kf2 Qxb2+ 38. Kg3 Qb3+ 39. Kh4 a5 40. Qc7 a4 41. Bh7 a3 42. Qc1 Qb4 43. Qa1 Qe7+ 44. Kg4 Bc8+ 0-1

[Event "KGZ-ch (Women)"]
[Site "Bishkek"]
[Date "2016.05.02"]
[Round "7"]
[White "Ostry, Irina"]
[Black "Alymbay, Kyzy Aizhan"]
[Result "1/2-1/2"]
[WhiteElo "2195"]
[BlackElo "1922"]
[PlyCount "43"]
[EventDate "2016.04.26"]
[EventType "tourn"]
[EventRounds "9"]
[EventCountry "KGZ"]
[SourceTitle "CBM 172 Extra"]
[Source "ChessBase"]
[SourceDate "2016.06.21"]
[SourceVersion "1"]
[SourceVersionDate "2016.06.21"]
[SourceQuality "1"]

1. e4 e5 2. Nf3 Nc6 3. Bb5 Nf6 4. 0-0 d6 5. d4 exd4 6. Nxd4 Bd7 7. Nc3 Nxd4 8. Bxd7+ Qxd7 9. Qxd4 Be7 10. Be3 0-0 11. Rfe1 a6 12. Rad1 Ng4 13. Nd5 Nxe3 14. Nxe7+ Qxe7 15. Qxe3 h6 16. h3 Qe6 17. b3 Qf6 18. e5 Qxe5 19. Qxe5 dxe5 20. Rxe5 Rfd8 21. Rxd8+ Rxd8 22. Re2 1/2-1/2

[Event "KGZ-ch (Women)"]
[Site "Bishkek"]
[Date "2016.05.01"]
[Round "6"]
[White "Loboda, Diana"]
[Black "Ostry, Irina"]
[Result "0-1"]
[WhiteElo "1701"]
[BlackElo "2195"]
[PlyCount "74"]
[EventDate "2016.04.26"]
[EventType "tourn"]
[EventRounds "9"]
[EventCountry "KGZ"]
[SourceTitle "CBM 172 Extra"]
[Source "ChessBase"]
[SourceDate "2016.06.21"]
[SourceVersion "1"]
[SourceVersionDate "2016.06.21"]
[SourceQuality "1"]

1. d4 Nf6 2. c4 e6 3. Nf3 b6 4. Nc3 Bb7 5. Bg5 Be7 6. e3 0-0 7. Bd3 h6 8. Bh4 c5 9. 0-0 d6 10. Bc2 Nbd7 11. Bxf6 Nxf6 12. d5 exd5 13. cxd5 b5 14. Qd3 b4 15. Ne4 g6 16. Bb3 Nxe4 17. Qxe4 Bf6 18. Qc2 a5 19. Nd2 Bg7 20. f4 a4 21. Bc4 a3 22. f5 axb2 23. Rae1 gxf5 24. Rxf5 Bc8 25. Rf3 f5 26. Bb3 Qf6 27. e4 Re8 28. Rfe3 f4 29. Rf3 Bg4 30. Rf2 Qh4 31. Ref1 Bd4 32. Kh1 Re5 33. Nf3 Bxf3 34. gxf3 Kh8 35. Re2 Rg8 36. Ba4 Reg5 37. Ree1 Qxe1 0-1

[Event "KGZ-ch (Women)"]
[Site "Bishkek"]
[Date "2016.04.30"]
[Round "5"]
[White "Oljobai Kyzy, Alisa"]
[Black "Ostry, Irina"]
[Result "1/2-1/2"]
[WhiteElo "1665"]
[BlackElo "2195"]
[PlyCount "41"]
[EventDate "2016.04.26"]
[EventType "tourn"]
[EventRounds "9"]
[EventCountry "KGZ"]
[SourceTitle "CBM 172 Extra"]
[Source "ChessBase"]
[SourceDate "2016.06.21"]
[SourceVersion "1"]
[SourceVersionDate "2016.06.21"]
[SourceQuality "1"]

1. e4 c5 2. Nc3 e6 3. Nf3 Nc6 4. d4 cxd4 5. Nxd4 Nf6 6. Nxc6 bxc6 7. e5 Nd5 8. Ne4 f5 9. exf6 Nxf6 10. Nd6+ Bxd6 11. Qxd6 Qb6 12. Bd3 c5 13. Qg3 0-0 14. 0-0 d6 15. Qh4 Rb8 16. b3 Ba6 17. c4 Rbe8 18. Bg5 Qc7 19. Rfe1 Bb7 20. Re2 Qf7 21. Rae1 1/2-1/2

[Event "KGZ-ch (Women)"]
[Site "Bishkek"]
[Date "2016.04.28"]
[Round "3"]
[White "Omurbekova, Diana"]
[Black "Ostry, Irina"]
[Result "1-0"]
[WhiteElo "1732"]
[BlackElo "2195"]
[PlyCount "113"]
[EventDate "2016.04.26"]
[EventType "tourn"]
[EventRounds "9"]
[EventCountry "KGZ"]
[SourceTitle "CBM 172 Extra"]
[Source "ChessBase"]
[SourceDate "2016.06.21"]
[SourceVersion "1"]
[SourceVersionDate "2016.06.21"]
[SourceQuality "1"]

1. e4 c5 2. Nf3 e6 3. d3 Nc6 4. g3 d5 5. Nbd2 Nf6 6. Bg2 Be7 7. 0-0 0-0 8. e5 Nd7 9. Re1 Qc7 10. Qe2 Re8 11. Nf1 Nd4 12. Nxd4 cxd4 13. h4 Bb4 14. Bf4 Bxe1 15. Rxe1 Nf8 16. h5 Qa5 17. Nh2 h6 18. Ng4 Nh7 19. Bd2 Qd8 20. Nh2 Kh8 21. Qg4 Qc7 22. Qxd4 Bd7 23. c3 Bc6 24. g4 Qb6 25. Qxb6 axb6 26. a3 b5 27. f4 Nf8 28. Kf2 Nd7 29. Be3 f6 30. Nf3 Kg8 31. Bh3 fxe5 32. fxe5 Rf8 33. Bd4 Rf4 34. g5 Nf8 35. Ke3 hxg5 36. Rg1 Bd7 37. Rxg5 Rf7 38. Bc5 Kh7 39. Rg3 Kh6 40. Ng5 Rf5 41. Bxf5 exf5 42. e6 Bxe6 43. Nxe6 Nxe6 44. Rg6+ Kxh5 45. Rxe6 g5 46. Kf3 Rc8 47. Be3 f4 48. Bd4 Rf8 49. Rf6 Re8 50. Bf2 Re7 51. Rf5 Rd7 52. Bd4 Re7 53. Rxd5 Re1 54. Rxb5 Rd1 55. Ke2 Rb1 56. Bf6 Rg1 57. Rxg5+ 1-0

[Event "Olympiad Women-41"]
[Site "Tromsoe"]
[Date "2014.08.14"]
[Round "11.2"]
[White "Ostry, Irina"]
[Black "Rivera, Ingris"]
[Result "1-0"]
[WhiteElo "2177"]
[BlackElo "2210"]
[PlyCount "127"]
[EventDate "2014.08.02"]
[EventType "team-swiss"]
[EventRounds "11"]
[EventCountry "NOR"]
[SourceTitle "CBM 162"]
[Source "ChessBase"]
[SourceDate "2014.09.17"]
[SourceVersion "1"]
[SourceVersionDate "2014.09.17"]
[SourceQuality "1"]
[WhiteTeam "Kyrgyzstan (W)"]
[BlackTeam "Colombia (W)"]
[WhiteTeamCountry "KGZ"]
[BlackTeamCountry "COL"]

1. c4 e5 2. Nc3 Nf6 3. g3 Be7 4. Bg2 0-0 5. Nf3 Nc6 6. 0-0 h6 7. a3 a5 8. d4 exd4 9. Nxd4 Bc5 10. e3 Ne5 11. b3 d6 12. h3 c6 13. Bb2 Qc7 14. f4 Ng6 15. Kh2 Bd7 16. Qd3 Rad8 17. Rad1 Bc8 18. e4 Rfe8 19. Rfe1 h5 20. Nf5 h4 21. Nxh4 Nxh4 22. gxh4 Bf2 23. Re2 Bxh4 24. Qf3 g6 25. Rg1 Nh5 26. Bf1 Kh7 27. Reg2 Bf6 28. Bd3 Bd4 29. Rf1 Qe7 30. Bb1 Qh4 31. Rd2 Bg7 32. Ne2 Bh6 33. Bd4 d5 34. cxd5 cxd5 35. e5 Kg8 36. Bd3 Bd7 37. Bb6 Ra8 38. a4 Bc6 39. Bd4 Bd7 40. Be3 Red8 41. Nd4 Nxf4 42. Bxf4 Bxh3 43. Bg3 Qe7 44. Rdf2 Bxf1 45. Bxf1 Bg7 46. Re2 Rac8 47. Bh3 Rc1 48. Qf4 Qc5 49. Rf2 Rf8 50. Ne2 Rc2 51. e6 f5 52. Qg5 Rf6 53. Bg2 Rxe6 54. Nf4 Re1 55. Bxd5+ Kf8 56. Nxg6+ Ke8 57. Rxc2 Qxc2+ 58. Bg2 Re6 59. Nh4 Be5 60. Qh5+ Kd7 61. Qf7+ Re7 62. Qd5+ Kc8 63. Bxe5 Qf2 64. Bg3 1-0

[Event "Olympiad Women-41"]
[Site "Tromsoe"]
[Date "2014.08.11"]
[Round "9.1"]
[White "Ostry, Irina"]
[Black "Berezina, Irina"]
[Result "1-0"]
[WhiteElo "2177"]
[BlackElo "2182"]
[PlyCount "97"]
[EventDate "2014.08.02"]
[EventType "team-swiss"]
[EventRounds "11"]
[EventCountry "NOR"]
[SourceTitle "CBM 162"]
[Source "ChessBase"]
[SourceDate "2014.09.17"]
[SourceVersion "1"]
[SourceVersionDate "2014.09.17"]
[SourceQuality "1"]
[WhiteTeam "Kyrgyzstan (W)"]
[BlackTeam "Australia (W)"]
[WhiteTeamCountry "KGZ"]
[BlackTeamCountry "AUS"]

1. Nf3 Nf6 2. g3 g6 3. b4 Bg7 4. Bb2 d6 5. Bg2 0-0 6. 0-0 e5 7. d3 Nc6 8. b5 Ne7 9. Nbd2 h6 10. a4 c6 11. bxc6 bxc6 12. Nc4 Be6 13. Nfd2 Ne8 14. Rb1 Qc7 15. Bc3 f5 16. Qc1 g5 17. Qa3 Bc8 18. Bb4 Rf6 19. a5 Re6 20. a6 Bf8 21. Qa4 Nf6 22. Ba5 Qd7 23. Bc3 Nfd5 24. Ba1 Nc7 25. e4 f4 26. Bh3 Nxa6 27. d4 exd4 28. Bxd4 Nc7 29. e5 d5 30. Nd6 Rxd6 31. Bxd7 Rxd7 32. Bc5 Nb5 33. Qb3 Rb7 34. Bxe7 Bxe7 35. Qd3 Kg7 36. c4 dxc4 37. Nxc4 Bh3 38. Rfe1 Rd7 39. Nd6 Rf8 40. Rbc1 fxg3 41. hxg3 Nxd6 42. exd6 Bxd6 43. Rxc6 Rf6 44. Qd4 Kg6 45. Qc4 Rdf7 46. Rd1 Be5 47. Rxf6+ Bxf6 48. g4 Kg7 49. Rd3 1-0

[Event "Olympiad Women-41"]
[Site "Tromsoe"]
[Date "2014.08.04"]
[Round "3.2"]
[White "Pavlidou, Ekaterini"]
[Black "Ostry, Irina"]
[Result "1/2-1/2"]
[WhiteElo "2170"]
[BlackElo "2177"]
[PlyCount "81"]
[EventDate "2014.08.02"]
[EventType "team-swiss"]
[EventRounds "11"]
[EventCountry "NOR"]
[SourceTitle "CBM 162"]
[Source "ChessBase"]
[SourceDate "2014.09.17"]
[SourceVersion "1"]
[SourceVersionDate "2014.09.17"]
[SourceQuality "1"]
[WhiteTeam "Greece (W)"]
[BlackTeam "Kyrgyzstan (W)"]
[WhiteTeamCountry "GRE"]
[BlackTeamCountry "KGZ"]

1. d4 d5 2. c4 c6 3. Nf3 Nf6 4. Nc3 Bf5 5. e3 e6 6. Be2 Be7 7. 0-0 0-0 8. Nh4 Bg6 9. Nxg6 hxg6 10. b3 Nbd7 11. Bb2 a6 12. Qc2 Bd6 13. e4 dxe4 14. Nxe4 Nxe4 15. Qxe4 Nf6 16. Qh4 Nh5 17. Qxd8 Rfxd8 18. Bf3 Be7 19. Rad1 Bf6 20. Rd2 Nf4 21. g3 Nh3+ 22. Kh1 Rd7 23. Bg2 Ng5 24. f4 Nh7 25. Rfd1 Rad8 26. Bc3 g5 27. Rd3 gxf4 28. gxf4 Nf8 29. Ba5 Re8 30. Be4 Ng6 31. Bxg6 fxg6 32. Kg2 Kf7 33. Be1 g5 34. fxg5 Bxg5 35. Bg3 Bf6 36. Kf3 Rh8 37. Ke4 Rh5 38. Rf1 Ke7 39. Rf2 Rg5 40. b4 Rd8 41. a4 1/2-1/2

[Event "KGZ-ch (Women)"]
[Site "Bishkek"]
[Date "2014.05.18"]
[Round "2"]
[White "Ostry, Irina"]
[Black "Samudin, Elina"]
[Result "1-0"]
[WhiteElo "2196"]
[BlackElo "1593"]
[PlyCount "93"]
[EventDate "2014.06.07"]
[EventType "tourn"]
[EventRounds "11"]
[EventCountry "KGZ"]
[SourceTitle "EXT 2018"]
[Source "ChessBase"]
[SourceDate "2017.10.13"]
[SourceVersion "1"]
[SourceVersionDate "2017.10.13"]
[SourceQuality "1"]

1. e4 c6 2. d4 d5 3. e5 Bf5 4. Nf3 e6 5. a3 Ne7 6. Be2 Nc8 7. 0-0 c5 8. dxc5 Bxc5 9. b4 Be7 10. Bb2 0-0 11. Nbd2 Nb6 12. Bd4 Nc6 13. Nb3 Qc7 14. Bd3 Bg4 15. Re1 f6 16. exf6 Bxf3 17. Qxf3 Bxf6 18. Qh3 g6 19. Qxe6+ Kg7 20. Bxf6+ Rxf6 21. Qe3 Nd7 22. Nc5 Nxc5 23. Qxc5 Qf7 24. Re2 Rf8 25. f3 b6 26. Qe3 d4 27. Qe4 Qc7 28. b5 Nd8 29. Qxd4 R8f7 30. Rae1 Rd7 31. Qxd7+ Qxd7 32. Re7+ Rf7 33. Rxd7 Rxd7 34. Kf2 Nb7 35. Re5 Nc5 36. Ke3 Kf6 37. f4 Rd6 38. g4 Kf7 39. h4 Nd7 40. Bc4+ Kf8 41. Rd5 Rxd5 42. Bxd5 Nf6 43. Bf3 Ke7 44. Kd4 Kd6 45. g5 Ne8 46. c4 Ng7 47. Bg4 1-0

[Event "Olympiad Women-39"]
[Site "Khanty-Mansiysk"]
[Date "2010.09.30"]
[Round "9.34"]
[White "Pereira, Amanda Marques"]
[Black "Ostry, Irina"]
[Result "1/2-1/2"]
[WhiteElo "1980"]
[BlackElo "2197"]
[PlyCount "77"]
[EventDate "2010.09.21"]
[EventType "team-swiss"]
[EventRounds "11"]
[EventCountry "RUS"]
[SourceTitle "CBM 139"]
[Source "ChessBase"]
[SourceDate "2010.11.18"]
[SourceVersion "1"]
[SourceVersionDate "2010.11.18"]
[SourceQuality "1"]
[WhiteTeam "Brazil (W)"]
[BlackTeam "Kyrgyzstan (W)"]
[WhiteTeamCountry "BRA"]
[BlackTeamCountry "KGZ"]

1. e4 c5 2. Nf3 e6 3. d4 cxd4 4. Nxd4 Nf6 5. Nc3 Nc6 6. Be2 Bb4 7. Nxc6 bxc6 8. e5 Nd5 9. Qd3 Qa5 10. Bd2 Nxc3 11. Bxc3 Ba6 12. Qd2 Bxc3 13. Qxc3 Qxc3+ 14. bxc3 Bxe2 15. Kxe2 f6 16. exf6 gxf6 17. Rhd1 Rb8 18. Rd4 Rg8 19. g3 Ke7 20. Rad1 d5 21. Rh4 Rg7 22. Rb4 Rxb4 23. cxb4 Kd6 24. Kd3 a5 25. bxa5 Ra7 26. Rb1 Kc7 27. Rb4 Rxa5 28. Rh4 Kd6 29. a4 c5 30. Kc3 Ra7 31. a5 Rxa5 32. Rxh7 Ke5 33. h4 Ra1 34. Kd3 c4+ 35. Ke2 Ra2 36. Kd2 d4 37. Rc7 Kd5 38. Rd7+ Ke5 39. Rc7 1/2-1/2

[Event "Olympiad Women-38"]
[Site "Dresden"]
[Date "2008.11.23"]
[Round "10"]
[White "Ostry, Irina"]
[Black "Chirivi Castiblanco, Jenny Astrid"]
[Result "0-1"]
[WhiteElo "2183"]
[BlackElo "2175"]
[PlyCount "81"]
[EventDate "2008.11.13"]
[EventType "team-swiss"]
[EventRounds "11"]
[EventCountry "GER"]
[SourceTitle "CBM 128"]
[Source "ChessBase"]
[SourceDate "2009.01.28"]
[SourceVersion "1"]
[SourceVersionDate "2009.01.28"]
[SourceQuality "1"]
[WhiteTeam "Kyrgyzstan (W)"]
[BlackTeam "Columbia (W)"]
[WhiteTeamCountry "KGZ"]
[BlackTeamCountry "COL"]

1. e4 c5 2. Nf3 e6 3. d4 cxd4 4. Nxd4 a6 5. Bd3 Bc5 6. Nb3 Be7 7. 0-0 d6 8. a4 b6 9. a5 b5 10. Be3 Nd7 11. Qe2 Ngf6 12. f4 Qc7 13. N1d2 0-0 14. c4 bxc4 15. Nxc4 Rb8 16. Ncd2 Rb4 17. Rfc1 Qb7 18. Ra3 e5 19. h3 Re8 20. Qf3 exf4 21. Bxf4 Ne5 22. Bxe5 dxe5 23. Bc4 Bd7 24. Raa1 Bc6 25. Re1 Rb8 26. Rac1 Ba4 27. Re3 h6 28. Kh1 Bc6 29. Qf5 Bd6 30. Rg3 Nxe4 31. Nxe4 Bxe4 32. Qg4 g6 33. Nd2 Bd5 34. Ne4 Bxe4 35. b3 Bd5 36. Rd3 Bxc4 37. bxc4 Rb1 38. Rcd1 Bf8 39. Kh2 Rxd1 40. Re3 e4 41. Rxe4 0-1

[Event "Olympiad Women-38"]
[Site "Dresden"]
[Date "2008.11.22"]
[Round "9"]
[White "Ostry, Irina"]
[Black "Stanford, Sheila Barth"]
[Result "1-0"]
[WhiteElo "2183"]
[BlackElo "2219"]
[PlyCount "67"]
[EventDate "2008.11.13"]
[EventType "team-swiss"]
[EventRounds "11"]
[EventCountry "GER"]
[SourceTitle "CBM 128"]
[Source "ChessBase"]
[SourceDate "2009.01.28"]
[SourceVersion "1"]
[SourceVersionDate "2009.01.28"]
[SourceQuality "1"]
[WhiteTeam "Kyrgyzstan (W)"]
[BlackTeam "Norway (W)"]
[WhiteTeamCountry "KGZ"]
[BlackTeamCountry "NOR"]

1. e4 c5 2. Nf3 d6 3. d4 cxd4 4. Nxd4 Nf6 5. Bd3 a6 6. 0-0 e6 7. c4 Be7 8. Nc3 Bd7 9. Qe2 Nc6 10. Nxc6 Bxc6 11. b4 0-0 12. b5 axb5 13. cxb5 Be8 14. a4 Nd7 15. Rd1 Bf6 16. Bb2 Qa5 17. Ra3 Nc5 18. g3 Bd7 19. Bc4 Qb4 20. Rda1 Rfc8 21. a5 Nxe4 22. Nxe4 Qxb2 23. Nxd6 Rcb8 24. Ne4 Bd4 25. Qd3 f5 26. Nd2 Rd8 27. Rb1 Bxf2+ 28. Kxf2 Qf6 29. Qe3 Kh8 30. Nf3 Rdc8 31. Ne5 g5 32. Nxd7 Qe7 33. Qe5+ Kg8 34. Bxe6+ 1-0

[Event "Olympiad Women-38"]
[Site "Dresden"]
[Date "2008.11.17"]
[Round "5"]
[White "Ostry, Irina"]
[Black "Walallawita, Lihini Ashwini"]
[Result "1-0"]
[WhiteElo "2183"]
[BlackElo "1818"]
[PlyCount "101"]
[EventDate "2008.11.13"]
[EventType "team-swiss"]
[EventRounds "11"]
[EventCountry "GER"]
[SourceTitle "CBM 128"]
[Source "ChessBase"]
[SourceDate "2009.01.28"]
[SourceVersion "1"]
[SourceVersionDate "2009.01.28"]
[SourceQuality "1"]
[WhiteTeam "Kyrgyzstan (W)"]
[BlackTeam "Sri Lanka (W)"]
[WhiteTeamCountry "KGZ"]
[BlackTeamCountry "SRI"]

1. e4 c5 2. Nf3 d6 3. c3 Nf6 4. h3 Nc6 5. Bd3 e5 6. Bc2 Be6 7. 0-0 h6 8. d4 cxd4 9. cxd4 Bd7 10. Nc3 Be7 11. a3 a6 12. Be3 0-0 13. b4 b5 14. d5 Na7 15. Bd3 Qb8 16. Nd2 Bd8 17. Qf3 Bb6 18. Bxh6 gxh6 19. Qxf6 Kh7 20. Ne2 Bd8 21. Qf3 Bg5 22. Nb3 Nc8 23. Ng3 Ne7 24. Nf5 Nxf5 25. exf5 f6 26. g3 Rg8 27. Kh2 Be8 28. h4 Bf7 29. hxg5 Rxg5 30. Nd2 Bh5 31. Qe3 Bg4 32. Rac1 Qg8 33. Nf3 Rh5+ 34. Nh4 Qg5 35. Qxg5 hxg5 36. f3 Bxf3 37. Rxf3 gxh4 38. g4 Rg5 39. Kh3 Rag8 40. Rg1 Rc8 41. Kxh4 Rc3 42. Ra1 Rb3 43. Kg3 Rc3 44. a4 Rb3 45. Rb1 bxa4 46. Rxb3 axb3 47. Bxa6 Rg8 48. Rxb3 Rb8 49. b5 Kg8 50. Rc3 Kf8 51. Rc8+ 1-0

[Event "Olympiad Women-38"]
[Site "Dresden"]
[Date "2008.11.16"]
[Round "4"]
[White "Ostry, Irina"]
[Black "Bensdorp, Marlies"]
[Result "1/2-1/2"]
[WhiteElo "2183"]
[BlackElo "2303"]
[PlyCount "192"]
[EventDate "2008.11.13"]
[EventType "team-swiss"]
[EventRounds "11"]
[EventCountry "GER"]
[SourceTitle "CBM 128"]
[Source "ChessBase"]
[SourceDate "2009.01.28"]
[SourceVersion "1"]
[SourceVersionDate "2009.01.28"]
[SourceQuality "1"]
[WhiteTeam "Kyrgyzstan (W)"]
[BlackTeam "Netherlands (W)"]
[WhiteTeamCountry "KGZ"]
[BlackTeamCountry "NED"]

1. e4 e6 2. d4 d5 3. e5 c5 4. c3 Nc6 5. Nf3 Qb6 6. a3 Nh6 7. Bd3 Bd7 8. dxc5 Bxc5 9. Qe2 Ng4 10. 0-0 Qc7 11. b4 Bb6 12. Bf4 f6 13. Bg3 f5 14. Bxf5 Nxf2 15. Bxf2 exf5 16. e6 Bc8 17. Nbd2 0-0 18. Bxb6 Qxb6+ 19. Kh1 Re8 20. Ng5 h6 21. Qh5 Bxe6 22. Nxe6 Rxe6 23. Qxf5 Ne5 24. Nb3 Rae8 25. Nc5 R6e7 26. h3 Qc6 27. Qc2 Nc4 28. Qd3 Re3 29. Qf5 Nd6 30. Qg6 Ne4 31. Qf7+ Kh8 32. Nxe4 dxe4 33. c4 Rc3 34. Rad1 Rd3 35. Rde1 Rxa3 36. Rf4 e3 37. Rg4 Rg8 38. Rg6 Qe4 39. Re6 Qd4 40. Qh5 Ra6 41. R6xe3 Qxc4 42. Re8 Rf6 43. Rxg8+ Kxg8 44. b5 Kh7 45. Qe5 Qd3 46. Qb2 Rf5 47. Rb1 a6 48. bxa6 bxa6 49. Ra1 Rf1+ 50. Rxf1 Qxf1+ 51. Kh2 Qf5 52. Qb6 a5 53. Qa6 Qe5+ 54. Kh1 Qd5 55. Kh2 Qe5+ 56. Kh1 Qc3 57. Kh2 Qc7+ 58. Kh1 Qc1+ 59. Kh2 Qf4+ 60. Kh1 a4 61. Qd3+ Kg8 62. Qd5+ Kf8 63. Qd8+ Kf7 64. Qd7+ Kg6 65. Qd3+ Kf7 66. Qd7+ Kg8 67. Qc8+ Kh7 68. Qc2+ g6 69. Qc5 Qf1+ 70. Kh2 Qf7 71. Kh1 h5 72. Kh2 Qb7 73. Kh1 Qb1+ 74. Kh2 Qb8+ 75. Kh1 Qb7 76. Kh2 Qg7 77. Kh1 Qa1+ 78. Kh2 Qg7 79. Kh1 Qf7 80. Kh2 Qf4+ 81. Kh1 Kh6 82. Kg1 Qe4 83. Kh2 Qf5 84. Qc1+ Qg5 85. Qc3 Qf4+ 86. Kh1 Qf1+ 87. Kh2 Qf4+ 88. Kg1 Qd6 89. Qe3+ g5 90. h4 Qd1+ 91. Kh2 Qd6+ 92. Kg1 Qd1+ 93. Kh2 Qd6+ 94. Kg1 Qf4 95. Qe6+ Kg7 96. hxg5 Qxg5 1/2-1/2